=LDR 00000nam 2200000 4500 =001 INLIS000000000034605 =005 20130612140514 =008 ***********************************ind** =035 ##$$0010-061300000034605 =041 ##$$a ind =082 ##$$a 028.5 =090 ##$$a 025.5, Alb,b =100 ##$$a Alberto, Daisy =245 ##$$a Barbie As The Island Princess, Daisy Alberto; Alih Bahasa, Ramayanti =260 ##$$a 23 cm $b 32 hlm. =300 ##$$a Jakarta, Gramedia, 2008; =650 ##$$a Bacaan Kanak-Kanak =700 ##$$a Ramayanti =850 ##$$a NBPNMAT